Normal view
MARC view
Entry Nombre corporativo
001 - NÚMERO DE CONTROL
- campo de control: 40733
003 - IDENTIFICADOR DE NÚMERO DE CONTROL
- campo de control: OSt
005 - FECHA Y HORA DE LA ÚLTIMA TRANSACCIÓN
- campo de control: 20251009102447.0
008 - ELEMENTOS DE DATO DE LONGITUD-FIJA
- campo de control de longitud fija: 251009|| aca||aabn | a|a d
040 ## - FUENTE DE CATALOGACIÓN
- Centro catalogador/agencia de origen: OSt
110 2# - ENCABEZAMIENTO-NOMBRE DE ENTIDAD CORPORATIVA
- Nombre de entidad corporativa o nombre de jurisdicción como elemento de entrada: CONGRESO EXTREMEÑO DE PREVENCION DE RIESGOS LABORALES
- Número del congreso/reunión o número de parte o sección: 2º
- Fecha del congreso o de la firma del tratado: 2009
- Sede del congreso/Lugar de la reunión: Cáceres